000 00876nam a22002057a 4500
005 20111012112623.0
008 111012t xxu||||| |||| 00| 0 eng d
010 _aENG-103956
020 _c275.00
035 _aEN-87489
037 _bDBAD/PUB
040 _aDPL
_bEng
082 _a343.09940954
245 _aThe telecom regulatory authority of India act, 1997 (24 of 1997) with rules and regulations as amended in 2010 along with short notes
_heng
260 _aDelhi
_bUniversal Law Publishing
_c2011
270 _aC-FF-1A, Dilkhush Industrial Estate, (Opp. Hans Cinema, Azadpur) G.T. Karnal Road,
_bDelhi
_e110033
300 _axxii,295,5p.
_c24cm (pbk)
942 _2ddc
_cEN
_h343.09940954
_mTEL
999 _c57566
_d57566